Al-Ittihad Club Squad 2024-2025 - Statistics

General Stats
  • This quiz has been taken 31 times
    16 since last reset
  • The average score is 11 of 32
Answer Stats
# Position Nation Player % Correct
8 MF Brazil Fabinho
89%
9 FW France Karim Benzema
89%
7 MF France N'Golo Kanté
89%
1 GK Serbia Predrag Rajković
78%
34 FW Netherlands Steven Bergwijn
78%
2 MF Portugal Danilo Pereira
67%
10 MF Algeria Houssem Aouar
67%
- Coach France Laurent Blanc
56%
19 FW France Moussa Diaby
56%
5 DF Italy Luiz Felipe
44%
30 MF Spain Unai Hernández
33%
22 FW Saudi Arabia Abdulaziz Al-Bishi
22%
4 DF Saudi Arabia Abdulelah Al-Amri
22%
24 FW Saudi Arabia Abdulrahman Al-Oboud
22%
11 FW Saudi Arabia Ahmed Al-Ghamdi
22%
14 MF Saudi Arabia Awad Al-Nashri
22%
80 MF Saudi Arabia Hamed Al-Ghamdi
22%
15 DF Saudi Arabia Hassan Kadesh
22%
12 DF Albania Mario Mitaj
22%
33 GK Saudi Arabia Mohammed Al-Mahasneh
22%
41 MF Saudi Arabia Mohammed Fallatah
22%
88 GK Saudi Arabia Osama Al-Mermesh
22%
6 DF Saudi Arabia Saad Al-Mousa
22%
21 FW Saudi Arabia Saleh Al-Shehri
22%
87 DF Saudi Arabia Yassine Al-Jaber
22%
77 MF Saudi Arabia Abdalellah Hawsawi
11%
20 DF Saudi Arabia Ahmed Sharahili
11%
27 DF Saudi Arabia Fawaz Al-Sqoor
11%
42 DF Saudi Arabia Muath Fagihy
11%
13 DF Saudi Arabia Muhannad Shanqeeti
11%
52 FW Saudi Arabia Talal Haji
11%
28 DF Saudi Arabia Ahmed Bamasud
0%
No matching quizzes found
Score Distribution
Percent of People with Each Score
Percentile by Number Answered
Your Score History
You have not taken this quiz since the last reset